000 00669cam a22002175a 4500
001 L159320
008 160809s2016 xxk f 000 0 eng d
020 _a9780203109496
035 _a(Sirsi) u159320
041 0 _aeng
100 1 _aKopnina, Helen
245 0 0 _aSustainability
_h[electronic resource]
260 _aCambridge
_bTaylor&Francis
_c2015
300 _aeBook
520 _aDiscusses the different meanings of the concept of sustainability.
650 2 4 _aEBOOK
651 4 _aUnited Kingdom
_y
690 _aSustainability
_96271
856 4 0 _uhttps://www.vlebooks.com/
_zView on VLEbooks. Logins for members only from [email protected]
942 _n0
999 _c115802
_d115802